| 000 | 01709 a2200277 4500 | ||
|---|---|---|---|
| 003 | OSt | ||
| 005 | 20180116192327.0 | ||
| 008 | 120508t xxu||||| |||| 00| 0 eng d | ||
| 010 | _a 97187401 | ||
| 020 | _a0419217401 | ||
| 035 | _a(DLC) 97187401 | ||
| 040 | _c0 | ||
| 082 | _a720.288 | ||
| 245 | 0 | 0 |
_aStructure and style : _bconserving twentieth century buildings / _cedited by Michael Stratton. |
| 250 | _a1st ed. | ||
| 260 |
_aLondon ; _aNew York : _bE & FN Spon, _c1997. |
||
| 300 |
_ax, 230 p. : _bill. ; _c25 cm. |
||
| 500 | _aIncludes index | ||
| 505 | 0 | _aIntroduction / Michael Stratton -- Towards a philosophy for conserving twentieth century buildings / Peter Burman -- A case for reforming architectural values / Andrew Saint -- The non-domestic building stock of England and Wales / Philip Steadman -- Beyond the fringe / Kenneth Powell -- Making the recent past fit for the future / David Jenkin and John Worthington -- Concrete and steel in twentieth century construction / Bill Addis -- The relationship between building structure and architectural expression / Peter Ross -- Clad is bad? / Michael Stratton -- Quality, longevity, and listing / Robert Thorne -- Conserving 'carbuncles' Dilemmas of conservation in practice / Susan Macdonald. | |
| 650 | 0 |
_aArchitecture, Modern _y20th century _xConservation and restoration _zGreat Britain. _91244 |
|
| 650 | 0 |
_aArchitecture _xConservation and restoration _zGreat Britain. _91245 |
|
| 700 | 1 |
_aStratton, Michael, _d1953- _91246 |
|
| 856 | 4 | 2 |
_3Publisher description _uhttp://www.loc.gov/catdir/enhancements/fy0651/97187401-d.html |
| 942 |
_aSADA _cBK _k720.288 STR 1997 _2ddc |
||
| 999 |
_c352224 _d352224 |
||